| 000 | 00759nam a22002177a 4500 | ||
|---|---|---|---|
| 999 |
_c9474 _d9474 |
||
| 003 | AR-CdUCM | ||
| 008 | 190328b ||||| |||| 00| 0 spa d | ||
| 040 |
_aMUNICIPALIDAD PROVINCIAL DEL CUSCO _cBIBLIOTECA MUNICIPAL DEL CUSCO |
||
| 082 |
_a947.084 / _bG83 / 1945 |
||
| 100 |
_aGroneff, A. _925686 |
||
| 245 | _aLa esfinge Rusa / | ||
| 260 |
_aLa Plata : _bCalomino, _c1945. |
||
| 300 |
_a191 páginas ; _c18.5 cm. |
||
| 505 | _aContenido: Ciencia y técnica -- El ejercito -- La preparación Rusa para la guerra de las democracias -- La edificación para industria y vivienda -- La medicina ... | ||
| 650 |
_aHistoria _9136 |
||
| 650 |
_aCiencia _92098 |
||
| 650 |
_aDemocracia _92598 |
||
| 650 |
_aIndustria _94386 |
||
| 942 |
_2ddc _cLIBROS |
||
| 945 | _aacv | ||